Chemotherapy and hormonal treatment of advanced breast cancer
Saved in:
| Main Author: | |
|---|---|
| Other Authors: | , |
| Format: | Book |
| Language: | English |
| Published: |
Milán, Republica Italiana
Carbo Erba
1982
|
| Edition: | Segunda edicion |
| Subjects: | |
| Tags: |
Add Tag
No Tags, Be the first to tag this record!
|
MARC
| LEADER | 00000nam a2200000 a 4500 | ||
|---|---|---|---|
| 001 | UCM5737 | ||
| 003 | CL-VaPUC | ||
| 005 | 20220907114111.0 | ||
| 008 | 021018e19820000IT |||||||||||||||||eng|d | ||
| 999 | |c 301596 |d 301594 | ||
| 040 | |c Pontificia Universidad Católica de Valparaíso | ||
| 082 | 0 | 4 | |a 615.58 ROB 1982 |2 21 |
| 100 | 0 | |a Robustelli Della Cuna, G |9 471851 | |
| 245 | 1 | 0 | |a Chemotherapy and hormonal treatment of advanced breast cancer |
| 250 | |a Segunda edicion | ||
| 260 | 0 | 3 | |a Milán, Republica Italiana |b Carbo Erba |c 1982 |
| 300 | |a 124 páginas | ||
| 583 | |a last modification |c 20021018 00:00:00 |k Rodrigo Vera | ||
| 650 | 0 | |a Quimioterapia |9 324862 | |
| 650 | 0 | |a Cáncer |9 315942 | |
| 650 | 7 | |a HORMONAS |2 CL-VaPUC |9 269554 | |
| 650 | 7 | |a TUMORES MALIGNOS |2 CL-VaPUC |9 471854 | |
| 700 | 0 | |a Pellegrini, A |9 471852 | |
| 700 | 0 | |a Ganzina, F |9 471853 | |
| 942 | |c BK |2 ddc | ||
| 945 | |d 20021018 00:00:00 |a cmena | ||
| 952 | |0 0 |1 0 |2 ddc |4 0 |6 615_580000000000000_ROB_1982 |7 0 |8 A |9 360768 |a BIBCUR |b BIBCUR |d 2019-11-21 |i 2064375 |o 615.58 ROB 1982 |p 2064375 |r 2025-04-22 |t 1 |w 2019-11-21 |y BK |k BIO | ||